Nothing but N & B Quiz Stats

 Plays Quiz Updated Aug 19, 2014

Support Sporcle.
Go Orange.
Score 0/18 Timer 04:00
2 Plays Today
Clue Word % Correct
Humerus or clavicleBONE
94.2%
U2 frontmanBONO
93.5%
'____ there, done that'BEEN
93.3%
Fruit with a peelBANANA
90.1%
Playboy galBUNNY
86.5%
Unit of coffeeBEAN
78%
Elton John's ______ And The JetsBENNIE
77%
ReceptacleBIN
70.4%
Nemesis; Dark Knight villainBANE
67.6%
Clue Word % Correct
Chimp relativeBABOON
57.1%
This stuffed 'baby' was a 90s fadBEANIE
55.3%
Bedelia or HuntBONNIE
48.2%
Slang for a novice gamerNOOB
47.2%
WindfallBOON
44.6%
Another chimp relativeBONOBO
38.9%
African nation, formerly DahomeyBENIN
38.5%
The B in the notation N.B.BENE
32.8%
Spindle for threadBOBBIN
29.6%

You're not logged in!

Compare scores with friends on all Sporcle quizzes.
OR
Log In

From the Vault

30 Most Urban Countries

by Red_Sox_Fan

If you prefer the city life, these countries are for you.
Remove Ads.
Support Sporcle.
Get the best of Sporcle when you Go Orange. This ad-free experience offers more features, more stats, and more fun while also helping to support Sporcle. Thank you for becoming a member.

Show Comments

Extras

Top Quizzes Today


Score Distribution

Your Account Isn't Verified!

In order to create a playlist on Sporcle, you need to verify the email address you used during registration. Go to your Sporcle Settings to finish the process.

Report this User

Report this user for behavior that violates our Community Guidelines.

Details: